rhetorische Stilmittel - Statistics

General Stats
  • This quiz has been taken 13 times
    11 since last reset
  • The average score is 26 of 45
Answer Stats
Hint Answer % Correct
aneinandergereihte Begriffe mit gleichem Anfangslaut Alliteration
100%
Bild und Ausdruck durch besondere Eigenschaften Metapher
100%
Wort-Wiederholung (Anfang) Anapher
86%
Übertreibung Hyperbel
86%
eine Aussage die das genaue Gegenteil ausdrückt Ironie
86%
Satz wird verknappt, auf Wörter verzichten, kein vollständiger Satz Ellipse
71%
Wort-Wiederholung (Ende) Epipher
71%
Aussage wird beschönigt Euphemismus
71%
Steigerung Klimax
71%
Untertreibung, doppelte Verneinung, Verneinung des Gegenteil Litotes
71%
Begriff durch andrene, unmittelbar, verwandten Ausdruck ersetzten Metonymie
71%
Kombination aus wiedersprechenden Begriffen Oxymoron
71%
wiedersprüchliche oder abwegige Aussagen Paradoxon
71%
Vermenschlichung einer Sache Personifikation
71%
Scheinfrage, ohne Antwort rhetorische Frage
71%
Wort wird durch ein anderes mit selben Bedeutungsfeld ersetzt, mehr allgemeiner Begriff Synekdoche
71%
zwei Begriffe mit "als" oder "wie" vereint Vergleich
71%
Gegenteil der Steigerung Antiklimax
57%
Gegensätze werden gegenübergestellt Antithese
57%
symetrisch ihrer Bedeutung entsprechend überkreuzt Chiasmus
57%
Verschachtelung von Haupt-, Neben- und Teilsätzen Hypotaxe
57%
Kombination durch bereits bekannten Begriffen Neologismus
57%
Laumalerei, Geräusche Onomatopoesie
57%
Sätze oder Teilsätze in symetrischem Aufbau Parallelismus
57%
Aneinanderreihung von Hauptsätzen, Wörtern oder Satzteilen Parataxe
57%
Ein Teil steht fürs Ganze Pars pro toto
57%
ironische Aussage, vespottend, verletzend Sarkasmus
57%
Paarung von bedeutungsählichen Begriffen Tautologie
57%
Begriff mit einem verwanten Bild konkretisiert Allegorie
43%
Aufzählung, Aneinanderreihung Asyndeton
43%
Selbstkorrektur, Verbesserung Correctio
43%
Hervorhebung, verstärkte und verdeutlichte Betonung Emphase
43%
Zeilensprung inmitten eines Satzes Enjambement
43%
Umstellung der gängigen Wortreihenfolge Inversion
43%
auch rückwärtsgelesen einen Sinn Palindrom
43%
Satz der in einen anderen Satz eingefügt wird Parenthese
43%
Begriff durch Wörte ersetzt die ihn beschreiben (beschönigend) Periphrase
43%
Kombination aus Wörtern, Wortart underscheiden, Bedeutung ähnlich oder gleich Pleonasmus
43%
Wiederholung von Wörtern Repetitio
43%
statt Oberbegriff, mehrere zusammengehörige Unterbegriffe Akkumulation
29%
mehrere Wörter, mit gleichen Klang Assonanz
29%
Aussage wird abgewertet Dysphemismus
29%
Begriff durch zwei oder mehreren einzelnen Wörtern gebildet Hendiadyoin
29%
Das Ganze steht für einen Teil Totum pro parte
29%
Gleichwertige Satzteile werden mittels Konjunktion mehrfach aneunandergereiht Polysyndeton
14%
No matching quizzes found
Score Distribution
Percent of People with Each Score
Percentile by Number Answered
Your Score History
You have not taken this quiz since the last reset